000 00901cam a22002411 4500
001 sa 65009317
003 DLC
005 20260227112201.0
008 830618s1958 vm 000 0 fre
010 _asa 65009317
035 _a(OCoLC)9623152
040 _aDLC
_cICarbS
_dDLC
042 _apremarc
050 0 0 _aS599.V47
_bT4
100 1 _aThái, Công Tụng.
245 1 0 _aRapport sur la mission de cartographie des sols de la station expérimentale de canne à sucre de Tuy-Hòa.
260 _a[Saigon]
_bBibliothèque agronomique,
_c1958.
300 _a12 p.
_billus., fold. map
_c24 cm.
500 _aCover title.
500 _aAt head of title: Secrétariat d'État à l'agriculture. Direction des études et recherches agronomiques, forestières et zootechniques.
650 0 _aSoil surveys
_zVietnam
_zTuy Hòa.
710 1 _aVietnam.
_bNha Khảo cứu và Sưu tầm Nông lâm súc.
999 _c66135
_d66135